000 00278nam a2200121Ia 4500
008 190216s9999||||xx |||||||||||||| ||und||
100 _aNull
245 2 _aA K G Malayalakavithayil
260 _bSangam Books
_c1984
300 _a39p
650 _aMalayalam Kavitha
942 _cBK
999 _c25639
_d25639